| 000 | 00788cab a22001935a 4500 | ||
|---|---|---|---|
| 001 | L157032 | ||
| 008 | 120815e20120811xxk 000 0 eng d | ||
| 035 | _a(Sirsi) u157032 | ||
| 041 | 0 | _aeng | |
| 100 | 1 | _aMcKay, Vikki | |
| 245 | 0 | 0 | _aStrengthening the roots of a CPO |
| 260 | _c2012 | ||
| 490 |
_aEstates Gazette _v(1232) 11 August 2012, 40-41 (2) |
||
| 520 | _aExplains the challenges for real estate lawyers in transfering title in land to an acquiring authority following the grant of a compulsory purchase order without reference to or the participation of the landowner. If this process goes smoothly then it will help facilitate the next stage of development for the land. | ||
| 590 | _aKA | ||
| 651 | 4 | _aUnited Kingdom | |
| 690 |
_aCompulsory purchase _96228 |
||
| 942 | _n0 | ||
| 999 |
_c84241 _d84241 |
||